000 00534nam a2200157 i 4500
001 49970
003 ES-MaACL
005 20230906162108.0
007 t|
008 030728s1926 sp ||||1| spa d
100 1 _aCrespo Gallego, Hilario.
_941545
245 1 0 _aRecuerdos, datos, consejos, poesías, himnos, máximas y pensamientos dedicados a la fiesta del árbol y del pájaro /
_cpor Hilario Crespo Gallego.
260 _aMadrid :
_b[s.n.],
_c1926 (
_fImp. Municipal)
300 _a70 p. ;
_c22 cm.
852 _aES-MaACL
_j1764-F-10
999 _c49970
_d49970